Normal view
MARC view
Entry Topical Term
001 - CONTROL NUMBER
- control field: 11736
003 - CONTROL NUMBER IDENTIFIER
- control field: BD-RjUL
005 - DATE AND TIME OF LATEST TRANSACTION
- control field: 20240213122841.0
008 - FIXED-LENGTH DATA ELEMENTS
- fixed length control field: 240213|| aca||aabn | a|a d
040 ## - CATALOGING SOURCE
- Original cataloging agency: BD-RjUL
- Transcribing agency: BD-RjUL
150 ## - HEADING--TOPICAL TERM
- Topical term or geographic name entry element: Intellectuals
- Geographic subdivision: Iran
670 ## - SOURCE DATA FOUND
- Source citation: Work cat.: (BD-RjUL)83084: امىن، غلام حسىن 1207-1273, جمشىدى پور، ىوسف., امىن، غلام حسىن 11734, مکتوبات مولانا جلال الدىن رومى : با مقدمه و حواشى و تعلىقات / Maktūbāt-i Mawlānā Jalāl al-Dīn Rūmī : bā muqaddmah va ḥawāshī wa taʻlīqāt /, 1335 [1956